000 00520nam a2200193Ia 4500
003 GCL
008 140319s9999 xx 000 0 eng d
020 _a1881096858
040 _aGCL /
_cGCL
082 0 4 _a976.944
_bM L
100 1 _aMUHAMMAD ALI
245 1 0 _aLOUISVILLE :
_bTHE GREATIST CITY /
_cMUHAMMAD ALI
260 _aانجلترا :
_bTOWERY PUBLISHING INC.
300 _a32 CM ؛
_c391 P
650 0 4 _aUNITED STATES
650 0 4 _aLOUIS XVI STYLE
650 0 4 _aLOUISVILLE - CIVILIZATION
942 _2ddc
_cBK
999 _c5869
_d5869